Beh na lyžiach

Salvato in:
Dettagli Bibliografici
Natura: Libro
Lingua:slovacco
Pubblicazione: Bratislava Šport 1989
Edizione:2. preprac. vyd.
Tags: Aggiungi Tag
Nessun Tag, puoi essere il primo ad aggiungerne!!

MARC

LEADER 00000nam a2200000 4500
001 c038192
005 20260122164928.2
041 0 |a slo 
044 |a SK 
245 1 0 |a Beh na lyžiach  |c Fedor Martiš 
250 |a 2. preprac. vyd. 
264 1 |a Bratislava  |b Šport  |c 1989 
300 |a 86 s.